000 01204nam a22003137a 4500
003 CHAP
005 20220329134553.0
008 971013s1978 r 10010 d
010 _a22362
011 _a23334
035 _a27430
040 _cCHAP
082 _a636.2
_bC6
111 0 0 _aColloque International Recherches sur L`Elevage Bovin en Zone Tropical Humide (
_n1
_c: Abidjan
_d: 1977).
_925305
245 _aColloque international recherches sur láelevage bovin en zone tropical humide
260 _aBouake, Republique de Cote d`Ivoire :
_bMinistere de la Recherche Scientifique,
_c(1978)
300 _a2 v.
_b: ilus. ; gráfs.
590 _aBATCH-UPD
_b10
_c20130110
_lUCH01
_h1437
590 _aBATCH-UPD
_b10
_c20130410
_lUCH01
_h0911
590 _aBATCH-UPD
_b10
_c20130914
_lUCH01
_h1456
590 _aCONVERSION
_b10
_c20130109
_lUCH01
_h1313
650 1 4 _aGanadería
_xAfrica.
_944605
650 1 4 _aGanadería
_xTrópicos.
_944856
650 1 4 _aGanado vacuno
_xTrópicos.
_945522
901 _aBK
942 _cLIBRO
949 _a636.2 C6
_bBC
_cLIBRO
_d33724000265815
_eLIBRO
_fv.2
_h57479
_i27430
_si
_t1317.40
949 _a636.2 C6
_bBC
_cLIBRO
_d33724000265823
_eLIBRO
_fv.1
_h57478
_i27430
_si
_t1317.40
999 _c22362
_d22362